000
00275nam a2200121Ia 4500
008
190216s9999||||xx |||||||||||||| ||und||
100
_a
Guruswamy
245
0
_a
Essentials Of Financial Services
260
_b
Vijay Nicoles
300
_a
408
650
_a
Commerce
942
_c
BK
999
_c
7305
_d
7305